00379nam a22001217a 4500020001600000082001000016100002000026245009000046260003600136300002600172650003100198700002800229 qHard Cover. a624.1 aMahmood, Kashif aSeismic simulation and vibration control using shake table testing /cKashif Mahmood, aIslamabad.bNICE - NUST,c2013. a74 p. : ill. ;c30cm. aMS Structural Engineering. aDr. Abdul Qadir Bhatti.